| 000 | 00976nam a2200241 a 4500 | ||
|---|---|---|---|
| 005 | 20170726020002.0 | ||
| 008 | 120224s2010 ck a gr 000 0dspa d | ||
| 040 |
_aCO-BoIAVH _cCO-BoIAVH |
||
| 041 | 0 | _aspa | |
| 044 | _ack | ||
| 082 | 0 | 4 |
_a639.20986 _bC82p4 |
| 110 | 2 | _aCorporación Colombia Internacional. | |
| 245 | 1 | 0 |
_aPesca y acuicultura : _bColombia 2010 / _cCorporación Colombia Internacional. |
| 260 |
_aBogotá, Colombia : _bRepublica de Colombia. Ministerio de Agricultura y Desarrollo Rural, _c2010. |
||
| 300 |
_a84 paginas : _bilustraciones ; _c28 x 21 cm. |
||
| 500 | _a"Informe Técnico Regional Cuencas del Orinoco y Amazonas" | ||
| 504 | _aIncluye referencias bibliográficas. | ||
| 650 | 2 | 6 |
_aPesca _zColombia _y2010 _vInforme |
| 650 | 2 | 6 |
_aRecursos pesqueros _zColombia _y2010 _vInforme |
| 650 | 2 | 6 |
_aAcuicultura _zColombia _y2010 _vInforme |
| 650 | 2 | 6 |
_aPesca marina _zColombia _y2010 _vInforme |
| 942 |
_2ddc _cLIBRO _01 |
||
| 999 |
_c19050 _d19050 |
||